The four great temples : (Record no. 352622)
[ view plain ]
| 000 -LEADER | |
|---|---|
| fixed length control field | 01242 a2200301 4500 |
| 003 - CONTROL NUMBER IDENTIFIER | |
| control field | OSt |
| 005 - DATE AND TIME OF LATEST TRANSACTION | |
| control field | 20180116192340.0 |
| 008 - FIXED-LENGTH DATA ELEMENTS--GENERAL INFORMATION | |
| fixed length control field | 120524t xxu||||| |||| 00| 0 eng d |
| 010 ## - LIBRARY OF CONGRESS CONTROL NUMBER | |
| LC control number | 2008022153 |
| 020 ## - INTERNATIONAL STANDARD BOOK NUMBER | |
| International Standard Book Number | 9780824831141 (hard cover : alk. paper) |
| 020 ## - INTERNATIONAL STANDARD BOOK NUMBER | |
| International Standard Book Number | 0824831144 (hard cover : alk. paper) |
| 035 ## - SYSTEM CONTROL NUMBER | |
| System control number | (OCoLC)ocn228701355 |
| 035 ## - SYSTEM CONTROL NUMBER | |
| System control number | (OCoLC)228701355 |
| 040 ## - CATALOGING SOURCE | |
| Transcribing agency | 0 |
| 082 00 - DEWEY DECIMAL CLASSIFICATION NUMBER | |
| Classification number | 294.3435 |
| 100 1# - MAIN ENTRY--PERSONAL NAME | |
| Personal name | McCallum, Donald F. |
| 9 (RLIN) | 2091 |
| 245 14 - TITLE STATEMENT | |
| Title | The four great temples : |
| Remainder of title | Buddhist archaeology, architecture, and icons of seventh-century Japan / |
| Statement of responsibility, etc. | Donald F. McCallum. |
| 260 ## - PUBLICATION, DISTRIBUTION, ETC. | |
| Place of publication, distribution, etc. | Honolulu : |
| Name of publisher, distributor, etc. | University of Hawaiʻi Press, |
| Date of publication, distribution, etc. | c2009. |
| 300 ## - PHYSICAL DESCRIPTION | |
| Extent | xvii, 328 p. : |
| Other physical details | ill., maps ; |
| Dimensions | 25 cm. |
| 505 0# - FORMATTED CONTENTS NOTE | |
| Formatted contents note | Asukadera -- Kudara Ōdera -- Kawaradera -- Yakushiji. |
| 650 #0 - SUBJECT ADDED ENTRY--TOPICAL TERM | |
| Topical term or geographic name entry element | Buddhist antiquities |
| Geographic subdivision | Japan |
| -- | Asuka-mura Region. |
| 9 (RLIN) | 2092 |
| 650 #0 - SUBJECT ADDED ENTRY--TOPICAL TERM | |
| Topical term or geographic name entry element | Buddhist temples |
| Geographic subdivision | Japan |
| -- | Asuka-mura Region. |
| 9 (RLIN) | 2093 |
| 650 #0 - SUBJECT ADDED ENTRY--TOPICAL TERM | |
| Topical term or geographic name entry element | Buddhism |
| Geographic subdivision | Japan |
| General subdivision | History |
| Chronological subdivision | To 794. |
| 9 (RLIN) | 2094 |
| 651 #0 - SUBJECT ADDED ENTRY--GEOGRAPHIC NAME | |
| Geographic name | Asuka-mura Region (Japan) |
| General subdivision | Antiquities. |
| 9 (RLIN) | 2095 |
| 856 41 - ELECTRONIC LOCATION AND ACCESS | |
| Materials specified | Table of contents only |
| Uniform Resource Identifier | <a href="http://www.loc.gov/catdir/toc/ecip0819/2008022153.html">http://www.loc.gov/catdir/toc/ecip0819/2008022153.html</a> |
| 942 ## - ADDED ENTRY ELEMENTS (KOHA) | |
| Institution code [OBSOLETE] | SADA |
| Koha item type | Book |
| Call number prefix | 294.3435 MCG 2009 |
| Source of classification or shelving scheme | |
| Withdrawn status | Lost status | Source of classification or shelving scheme | Damaged status | Not for loan | Permanent Location | Current Location | Date acquired | Total Checkouts | Full call number | Barcode | Date last seen | Date last checked out | Price effective from | Koha item type |
|---|---|---|---|---|---|---|---|---|---|---|---|---|---|---|
| School of Art Design and Architecture (SADA) | School of Art Design and Architecture (SADA) | 02/11/2011 | 2 | 294.3435 MCG 2009 | SADA0000619 | 12/17/2015 | 12/04/2015 | 08/05/2011 | Book |
